Online
Catalog

Los disidentes : (Record no. 13477)

MARC details
000 -CABECERA
campo de control de longitud fija 00949cam a2200265 a 4500
001 - NÚMERO DE CONTROL
campo de control 000013871
005 - FECHA Y HORA DE LA ÚLTIMA TRANSACCIÓN
campo de control 20200929163358.0
008 - DATOS DE LONGITUD FIJA--INFORMACIÓN GENERAL
campo de control de longitud fija 040512s2003 cu a b 001 0 spa
020 ## - NÚMERO INTERNACIONAL ESTÁNDAR DEL LIBRO
Número Internacional Estándar del Libro 9590105483
035 ## - NÚMERO DE CONTROL DEL SISTEMA
Número de control de sistema (UyMoLRL)lr18143
040 ## - FUENTE DE LA CATALOGACIÓN
Centro catalogador/agencia de origen DO-SdBNP
Centro/agencia transcriptor DLC
043 ## - CÓDIGO DE ÁREA GEOGRÁFICA
Código de área geográfica nwcu---
-- n-us-fl
082 ## - NÚMERO DE LA CLASIFICACIÓN DECIMAL DEWEY
Número de clasificación 327.1297291
Número de documento/Ítem E43d
049 ## - FONDOS LOCALES (OCLC)
Fondos de biblioteca BNGR
100 1# - ENTRADA PRINCIPAL--NOMBRE DE PERSONA
Nombre de persona Elizalde, Rosa Miriam,
Fechas asociadas al nombre 1966-
9 (RLIN) 31414
245 14 - MENCIÓN DE TÍTULO
Título Los disidentes :
Resto del título agentes de la seguridad cubana revelan la historia real /
Mención de responsabilidad, etc. Rosa Miriam Elizalde, Luis Báez Hernández.
246 30 - FORMA VARIANTE DE TÍTULO
Título propio/Titulo breve Agentes de la seguridad cubana revelan la historia real
260 ## - PUBLICACIÓN, DISTRIBUCIÓN, ETC.
Lugar de publicación, distribución, etc. La Habana, Cuba :
Nombre del editor, distribuidor, etc. Política,
Fecha de publicación, distribución, etc. 2003.
300 ## - DESCRIPCIÓN FÍSICA
Extensión 227 p. :
Otras características físicas il. ;
Dimensiones 23 cm.
504 ## - NOTA DE BIBLIOGRAFÍA, ETC.
Nota de bibliografía, etc. Incluye referencias bibliográficas.
650 #4 - PUNTO DE ACCESO ADICIONAL DE MATERIA--TÉRMINO DE MATERIA
Término de materia o nombre geográfico como elemento de entrada Espionaje
Subdivisión geográfica Cuba
Subdivisión de forma ENTREVISTAS
9 (RLIN) 31415
650 #4 - PUNTO DE ACCESO ADICIONAL DE MATERIA--TÉRMINO DE MATERIA
Término de materia o nombre geográfico como elemento de entrada Disidentes
Subdivisión geográfica Cuba
Subdivisión de forma ENTREVISTAS
9 (RLIN) 31416
700 1# - PUNTO DE ACCESO ADICIONAL--NOMBRE DE PERSONA
Nombre de persona Báez Hernández, Luis
Fechas asociadas al nombre 1936-
9 (RLIN) 31417
910 ## - DATOS DE OPCIÓN DEL USUARIO (OCLC)
Datos de opción del usuario Catalogación por copia / LC
Holdings
Estado de retiro Estado de pérdida Restricciones de uso No para préstamo Código de colección Localización permanente Ubicación/localización actual Ubicación en estantería Fecha de adquisición Número de inventario Total de préstamos Signatura topográfica completa Código de barras Fecha visto por última vez Precio válido a partir de Tipo de ítem Koha
    Préstamo interno   Monografías: Libros y Folletos General General En catalogación 30.11.2009 LF1   327.1297291 E43d 13871-10 25.06.2020 25.06.2020 Préstamo interno

Powered by Koha